Podrobná bibliografia
Personálne heslo: CSÁKÓ, Karol, 1942
Médium:Regionálne osobnosti
Bližší popis: Narodený 23.04.1942 Encs. Maliar, pedagóg
Zdroj: 1. Szaszák, György 1. Košickí výtvarníci 1. Bratislava: AB-ART, 2000. - S. 46-51
LEADER 00706nz a2200349n 4500
001 000057791
003 SVKKK
005 00000000000000.0
008 06 |n|annnnaabn | a|c
FMT
040 |a SVKKK  |b slo  |e AACR2 
080 |a 37 
080 |a 74/75 
100 1 |a CSÁKÓ, Karol,  |d 1942 
670 |a Košickí výtvarníci 
678 0 |a Narodený 23.04.1942 Encs. Maliar, pedagóg 
909 |a SK 
971
972
973
975
981
981
993
993
994
994
994
994
995 |a Szaszák, György  |c Košickí výtvarníci  |d Bratislava: AB-ART, 2000. - S. 46-51 
BAS
998 |a REOS